书目信息 |
| 题名: |
工程结构检测
|
|
| 作者: | 周详 , 刘益虹 主编 | |
| 分册: | ||
| 出版信息: | 北京 北京大学出版社 2007.02 |
|
| 页数: | 164页 | |
| 开本: | 26cm | |
| 丛书名: | 21世纪全国应用型本科土木建筑系列实用规划教材 | |
| 单 册: | ||
| 中图分类: | TU317 | |
| 科图分类: | ||
| 主题词: | 工程结构--gong cheng jie gou--检测--高等学校--教材 | |
| 电子资源: | ||
| ISBN: | 7-301-11547-4 | |
| 000 | 01172nam 2200265 450 | |
| 001 | 012007801736 | |
| 005 | 20070927105417.71 | |
| 010 | @a7-301-11547-4@dCNY20.00 | |
| 100 | @a20070724d2007 km y0chiy0120 ea | |
| 101 | 0 | @achi |
| 102 | @aCN@b110000 | |
| 105 | @aa a 000yy | |
| 200 | 1 | @a工程结构检测@Agong cheng jie gou jian ce@f周详, 刘益虹主编@Fzhou xiang,liu yi hong zhu bian |
| 210 | @a北京@c北京大学出版社@d2007.02 | |
| 215 | @a164页@c图@d26cm | |
| 225 | 2 | @a21世纪全国应用型本科土木建筑系列实用规划教材@A21 shi ji quan guo ying yong xing ben ke tu mu jian zhu xi lie shi yong gui hua jiao cai |
| 320 | @a有书目。 | |
| 330 | @a本书根据建筑结构工程专业本科生教学大纲的要求编写。内容包括:静载加载及设备、静载检测仪器、工程结构静载检测、工程结构抗震静载检测、动载激振设备及测振仪器、工程结构动载检测、工程结构无损检测、桩基检测、检测数据的误差处理等。相关章节附有工程实例。 | |
| 410 | 0 | @12001 @a21世纪全国应用型本科土木建筑系列实用规划教材 |
| 606 | 0 | @a工程结构@Agong cheng jie gou@x检测@x高等学校@j教材 |
| 690 | @aTU317@v4 | |
| 701 | 0 | @a周详@Azhou xiang@4主编 |
| 701 | 0 | @a刘益虹@Aliu yi hong@4主编 |
| 801 | 0 | @aCN@c20070927 |
| 905 | @dTU317@eZ801 | |
| 工程结构检测/周详, 刘益虹主编.-北京:北京大学出版社,2007.02 |
| 164页:图;26cm.-(21世纪全国应用型本科土木建筑系列实用规划教材) |
| ISBN 7-301-11547-4:CNY20.00 |
| 本书根据建筑结构工程专业本科生教学大纲的要求编写。内容包括:静载加载及设备、静载检测仪器、工程结构静载检测、工程结构抗震静载检测、动载激振设备及测振仪器、工程结构动载检测、工程结构无损检测、桩基检测、检测数据的误差处理等。相关章节附有工程实例。 |
| ● |
| 相关链接 |
|
|
|
正题名:工程结构检测
索取号:TU317/Z801
 
预约/预借
| 序号 | 登录号 | 条形码 | 馆藏地/架位号 | 状态 | 备注 |
| 1 | 246353 | 202463538 | 建筑库101/101建筑库 79排4列2层/ [索取号:TU317/Z801] | 在馆 | |
| 2 | 246354 | 202463547 | 建筑库101/101建筑库 79排4列2层/ [索取号:TU317/Z801] | 在馆 | |
| 3 | 246355 | 202463556 | 建筑库101/101建筑库 79排4列2层/ [索取号:TU317/Z801] | 在馆 |